000
00220 a2200097 4500
001
119689
040
_c
Escola Canadense de Niteroi
245
1
0
_a
Alfabeto ilustrado [Banner]
650
4
_a
LĂngua Portuguesa
942
_c
MATP
999
_c
119689
_d
119689